000 00664nam a2200205Ia 4500
003 GCL
008 140319s9999 xx 000 0 ara d
040 _aGCL /
_cGCL
082 0 4 _a811.5
_bع ا
100 1 _aعصام السيوفى
245 1 0 _aالعوامل السياسية فى شعر ابى الطيب المتنبى /
_cعصام السيوفى
260 _a[S.N] :
_bدار الفكر العربى ،
_c1981
300 _a756 ص
490 _a
650 0 4 _aالشعر العربى
650 0 4 _aالادب العربى
650 0 4 _aالدولة العباسية الثانية
650 0 4 _aالمتنبى, ابو الطيب
942 _2ddc
_cBK
999 _c55833
_d55833